Normal view
MARC view
Entry Personal Name
001 - CONTROL NUMBER
- control field: 41651
003 - CONTROL NUMBER IDENTIFIER
- control field: ARRUPE
005 - DATE AND TIME OF LATEST TRANSACTION
- control field: 20180427091821.0
008 - FIXED-LENGTH DATA ELEMENTS
- fixed length control field: 180427|| aca||aabn | a|a d
040 ## - CATALOGING SOURCE
- Original cataloging agency: ARRUPE
- Transcribing agency: ARRUPE
100 ## - HEADING--PERSONAL NAME
- Personal name: Preston, Peter Wallace
670 ## - SOURCE DATA FOUND
- Source citation: Work cat.: (ARRUPE): Preston, Peter Wallace, Development theory:an introduction, 1996.